• 首页
  • 本馆介绍
  • 公告通知
  • 最新文献
  • 馆藏检索
  • 电子资源
  • 读者导购
  • 参考咨询
  • 我的图书馆
  • 登录
  • 详细信息显示
  • 放入我的书架
  • 预约/预借图书
  • 作者相关作品
  • 分类相关作品
  • 丛书相关作品
  • 出版社相关作品

书目信息

  • 表格格式
  • 工作单格式
  • 卡片格式
题名:
大眼看侏罗
    
 
作者: 邢立达 著
分册:  
出版信息: 长沙   湖南科学技术出版社  2011
页数: 155页
开本: 23cm
丛书名:
单 册:
中图分类: Q915.86-49 , Q915
科图分类:
主题词: 古动物--脊椎动物门--普及动物
电子资源:
ISBN: 978-7-5357-6762-2
000 00722nam0 2200241 450
001 2358559415
005 20231128161622.31
010    @a978-7-5357-6762-2@dCNY29.00
100    @a20120219d2011 em y0chiy50 ea
101 0  @achi
102    @aCN@b430000
105    @ay z 000yy
200 1  @a大眼看侏罗@Ada yan kan zhu luo@dView the Jurassic@f邢立达著@zeng
210    @a长沙@c湖南科学技术出版社@d2011
215    @a155页@c图@d23cm
330    @a本书对中生代时期的主要脊椎动物类群进行了介绍。
510 1  @aView the Jurassic@zeng
606 0  @a古动物@x脊椎动物门@j普及动物
690    @aQ915.86-49@v5
690    @aQ915@v4
701  0 @a邢立达@Axing li da@4著
801  0 @aCN@b山东中教@c20231126
905    @aBZT@dQ915@e10
    
    大眼看侏罗=View the Jurassic/邢立达著.-长沙:湖南科学技术出版社,2011
    155页:图;23cm
    
    
    ISBN 978-7-5357-6762-2:CNY29.00
    本书对中生代时期的主要脊椎动物类群进行了介绍。
●
相关链接 在五车中查询图书 在当当中查询图书 在豆瓣中查询图书


正题名:大眼看侏罗     索取号:Q915/10         预约/预借

序号 登录号 条形码 馆藏地/架位号 状态 备注
1 2001222079   2001222079   中教(第二批第二书库)/山东中教(第二批)/1242/ [索取号:Q915/10] 在馆    
2 2001222080   2001222080   中教(第二批第二书库)/山东中教(第二批)/1242/ [索取号:Q915/10] 在馆    
3 2001222081   2001222081   中教(第二批第二书库)/山东中教(第二批)/1242/ [索取号:Q915/10] 在馆    
4 2001222082   2001222082   中教(第二批第二书库)/山东中教(第二批)/1242/ [索取号:Q915/10] 在馆    
5 2001222083   2001222083   中教(第二批第二书库)/山东中教(第二批)/1242/ [索取号:Q915/10] 在馆    
6 2001222084   2001222084   中教(第二批第二书库)/山东中教(第二批)/1242/ [索取号:Q915/10] 在馆    
7 2001222085   2001222085   中教(第二批第二书库)/山东中教(第二批)/1242/ [索取号:Q915/10] 在馆    
8 2001222086   2001222086   中教(第二批第二书库)/山东中教(第二批)/1242/ [索取号:Q915/10] 在馆    
9 2001222087   2001222087   中教(第二批第二书库)/山东中教(第二批)/1242/ [索取号:Q915/10] 在馆    
10 2001222088   2001222088   中教(第二批第二书库)/山东中教(第二批)/1242/ [索取号:Q915/10] 在馆    
11 2001222089   2001222089   中教(第二批第二书库)/山东中教(第二批)/1242/ [索取号:Q915/10] 在馆    
12 2001222090   2001222090   中教(第二批第二书库)/山东中教(第二批)/1242/ [索取号:Q915/10] 在馆    
13 2001222091   2001222091   中教(第二批第二书库)/山东中教(第二批)/1242/ [索取号:Q915/10] 在馆    
14 2001222092   2001222092   中教(第二批第二书库)/山东中教(第二批)/1242/ [索取号:Q915/10] 在馆    
15 2001222093   2001222093   中教(第二批第二书库)/山东中教(第二批)/1242/ [索取号:Q915/10] 在馆    
16 2001222094   2001222094   中教(第二批第二书库)/山东中教(第二批)/1242/ [索取号:Q915/10] 在馆    
山东省滨州职业学院图书馆 欢迎您!
大连网信软件有限公司© 版权所有